| 000 | 00937nam0a2200277 4500 | ||
|---|---|---|---|
| 001 | RU\NLR\BIBL_A\022535747 | ||
| 005 | 20250626025950.0 | ||
| 010 | _a5-05-000487-X | ||
| 035 | _a(NLR Aleph) 022535747 | ||
| 090 |
_a13406361 _c13406361 |
||
| 100 | _a20250506d1985 |||y0rusy50 ca | ||
| 101 | 0 | _amlg | |
| 102 | _aRU | ||
| 105 | _aac z 001ay | ||
| 200 | 1 |
_aTsara ofana. Boky voalohany sy boky faharoa _dКак закалялась сталь _fN. Ostrôvski _zrus |
|
| 210 |
_aMôsko _cEdisiôna "Rädoga" _d1985 |
||
| 215 |
_a380 [4] с. _d20 см. |
||
| 512 | 1 | _aTsara ofana | |
| 606 | 0 |
_aМалагасийский язык _2nlr_sh1 |
|
| 606 | 1 |
_aРусская литература _jСоветская литература |
|
| 700 | 1 |
_aОстровский _bН. А. _f1904-1936 _gНиколай Алексеевич _4070 |
|
| 852 |
_aNLR _bОЛСАА-афр _j2-1019 |
||
| 942 | _cBOOK | ||
| 980 | 1 | _aAFR | |
| 980 | _aNB | ||